000 00832nab a2200241 u 4500
001 21610
003 HDC
007 cr bn ---aaaaa
008 210309b20142014my d||ne |||| 00| 0 may d
040 _aHDC
245 0 _aPerangi habis-habisan ubat, minuman, kosmetik tiruan
_c/ Berita Harian
260 _aMalaysia:
_bNew Straits Times Press (M) Bhd.,
_c2014
300 _a1 online resource (page 32)
336 _atext
_2rdacontent
337 _acomputer
_2rdamedia
338 _aonline resource
_2rdacarrier
650 _aProduct counterfeiting
_xCommerce
_919058
710 _aBerita Harian
856 _zRequest full-text at [email protected]
942 _2lcc
942 _cNEWS
942 _kNWSC 002748
999 _c18926
_d18926